Tiere mit "E" aufzählen - Statistiken

Allgemein
  • Dieses Quiz wurde 555 mal gespielt
  • Das Durchschnittsergebnis liegt bei 11 aus 24
Antwortstatistiken
Tier mit E % Korrekt
Elefant
85%
Esel
78%
Eichhörnchen
77%
Ente
74%
Eber
66%
Eidechse
66%
Eisbär
60%
Elch
58%
Erdmännchen
58%
Echse
56%
Emu
52%
Elster
50%
Erpel
48%
Eule
48%
Eisvogel
46%
Eichelhäher
40%
Egel
38%
Erdferkel
37%
Eintagsfliege
20%
Engerling
17%
Eichenprozessionsspinner
14%
Eurasier
14%
Erdwespe
13%
Einsiedlerkrebs
10%
Keine übereinstimmenden Quizze gefunden
Verteilung der Resultate
Anzahl Personen mit jedem Resultat
Perzentil nach korrekt beantworteten Fragen
Ihre Resultats-Entwicklung
Sie haben dieses Quiz noch nicht gespielt